000 00556nam a22002057a 4500
005 20230917104318.0
008 230917b |||||||| |||| 00| 0 eng d
020 _a9780409011753
041 _aEnglish
044 _cSouth Africa
082 _a349
245 _aButterworths business contracts compendium /
_cedited by Thaloshini Chetty
260 _aDurban :
_bLexisNexis,
_c2013
300 _c25 cm;
_e7 volumes
650 _abusiness law
650 _acontracts
650 _acompendium
700 _aChetty, Thaloshini
942 _cBK
_6EMILLIE
999 _c9
_d9